000 00300nam a2200121Ia 4500
008 190802s9999 xx 000 0 und d
020 _a978-1-138-30281-5
100 _aJoseph Sarkis
245 0 _aGreen Supply Chain Management
260 _aNew York
_bRoutledge
_c2018
300 _a177.:p
942 _cBK
999 _c2066
_d2066